Qurʼānic concepts of human psyche / (Record no. 12792)
[ view plain ]
| 000 -LEADER | |
|---|---|
| fixed length control field | 01169nam a2200325 a 4500 |
| 001 - CONTROL NUMBER | |
| control field | 12792 |
| 003 - CONTROL NUMBER IDENTIFIER | |
| control field | BD-JhCC |
| 005 - DATE AND TIME OF LATEST TRANSACTION | |
| control field | 20230513092054.0 |
| 008 - FIXED-LENGTH DATA ELEMENTS--GENERAL INFORMATION | |
| fixed length control field | 230513s1992 pk b 001 0 eng |
| 010 ## - LIBRARY OF CONGRESS CONTROL NUMBER | |
| LC control number | 92931249 |
| 020 ## - INTERNATIONAL STANDARD BOOK NUMBER | |
| International Standard Book Number | 969462004X |
| 020 ## - INTERNATIONAL STANDARD BOOK NUMBER | |
| International Standard Book Number | 9694620031 (pbk.) : |
| Terms of availability | Rs90.00 |
| 025 ## - OVERSEAS ACQUISITION NUMBER | |
| Overseas acquisition number | P-E-024031 12/11-78 |
| 035 ## - SYSTEM CONTROL NUMBER | |
| System control number | (BD-JhCC)12792 |
| 040 ## - CATALOGING SOURCE | |
| Original cataloging agency | DLC |
| Transcribing agency | DLC |
| Modifying agency | BD-JhCC |
| 050 00 - LIBRARY OF CONGRESS CALL NUMBER | |
| Classification number | BP134.P747 |
| Item number | Q73 1992 |
| 082 00 - DEWEY DECIMAL CLASSIFICATION NUMBER | |
| Classification number | 297/.22 |
| Edition number | 20 |
| Item number | QUR 1992 |
| 245 00 - TITLE STATEMENT | |
| Title | Qurʼānic concepts of human psyche / |
| Statement of responsibility, etc. | editor, Zafar Afaq Ansari. |
| 260 ## - PUBLICATION, DISTRIBUTION, ETC. | |
| Place of publication, distribution, etc. | Islamabad : |
| Name of publisher, distributor, etc. | International Institute of Islamic Thought ; |
| Place of publication, distribution, etc. | Lahore : |
| Name of publisher, distributor, etc. | Institute of Islamic Culture, |
| Date of publication, distribution, etc. | c1992. |
| 300 ## - PHYSICAL DESCRIPTION | |
| Extent | 118 p. ; |
| Dimensions | 22 cm. |
| 490 1# - SERIES STATEMENT | |
| Series statement | Islamization of knowledge ; |
| Volume/sequential designation | 11 |
| 504 ## - BIBLIOGRAPHY, ETC. NOTE | |
| Bibliography, etc. note | Includes bibliographical references and index. |
| 630 00 - SUBJECT ADDED ENTRY--UNIFORM TITLE | |
| Uniform title | Qurʼan |
| General subdivision | Psychology. |
| 650 #0 - SUBJECT ADDED ENTRY--TOPICAL TERM | |
| Topical term or geographic name entry element | Islam |
| General subdivision | Psychology. |
| 700 1# - ADDED ENTRY--PERSONAL NAME | |
| Personal name | Ansari, Zafar Afaq. |
| 710 2# - ADDED ENTRY--CORPORATE NAME | |
| Corporate name or jurisdiction name as entry element | International Institute of Islamic Thought. |
| 710 2# - ADDED ENTRY--CORPORATE NAME | |
| Corporate name or jurisdiction name as entry element | Idārah-yi S̲aqāfat-i Islāmiyah (Lahore, Pakistan) |
| 942 ## - ADDED ENTRY ELEMENTS (KOHA) | |
| Source of classification or shelving scheme | Dewey Decimal Classification |
| Koha item type | Books |
| Withdrawn status | Lost status | Source of classification or shelving scheme | Damaged status | Not for loan | Home library | Current library | Shelving location | Date acquired | Cost, normal purchase price | Total Checkouts | Full call number | Barcode | Date last seen | Copy number | Price effective from | Koha item type |
|---|---|---|---|---|---|---|---|---|---|---|---|---|---|---|---|---|
| Dewey Decimal Classification | JCC Rouf Library | JCC Rouf Library | General Stacks | 05/13/2023 | 300.00 | 297/.22 QUR 1992 | 16681 | 08/24/2023 | C-1 | 05/13/2023 | Books |